000 00420nam a2200169Ia 4500
001 10986
003 IN-NITTTR
005 20251114233102.0
008 251113s9999||||xx |||||||||||||| ||eng||
040 _beng
040 _cIN-NITTTR
041 _aeng
082 _a620.1064 R39M
100 _aRichards, Bryan E.
245 0 _aMeasurement of unsteady fluid dynamic phenomena. /
_cRichards, Bryan E.
942 _2ddc
_cBK
999 _c13622
_d13622